000 00318nam a22001457a 4500
003 SGT
082 _a540,SIN
100 _aSINGH BHUPENDRA
245 _aMATHEMATICS FOR CHEMIST
250 _a14TH
260 _aNEW DELHI
_bPRAGATI PRAKASHAN MEERUT
_c2016
300 _a514
650 _aCHEMISTRY
942 _2ddc
_cFPS
999 _c10025
_d10025